Statistiques concernant Monnaies du monde

Cliquez ici pour prendre le quiz!

Statistiques générales

  • Ce quiz a été pris 86 fois
  • Le résultat moyen est 32 sur 50

Statistiques - réponses

HintRéponse% Correct
Dinar algérienAlgérie
100%
Peso argentinArgentine
100%
Manat azerbaïdjanaisAzerbaïdjan
100%
Dollar barbadienBarbade
100%
Dollar du BelizeBelize
100%
BolivianoBolivie
100%
Dollar de BruneiBrunei
100%
Lev bulgareBulgarie
100%
Peso chilienChili
100%
Peso colombienColombie
100%
Colon du Costa RicaCosta Rica
100%
Kuna croateCroatie
100%
Couronne danoiseDanemark
100%
Dollar de FidjiFidji
100%
Franc guinéenGuinée
100%
GourdeHaïti
100%
Dollar des Îles SalomonÎles Salomon
100%
Dinar irakienIrak
100%
Rial iranienIran
100%
Couronne islandaiseIslande
100%
Dollar jamaïcainJamaïque
100%
Dinar jordanienJordanie
100%
Livre libanaiseLiban
100%
Dollar libérienLiberia
100%
Dirham marocainMaroc
100%
Peso mexicaineMexique
100%
Leu moldaveMoldavie
100%
Dollar namibienNamibie
100%
Couronne norvégienneNorvège
100%
Rial omanaisOman
100%
Zloty polonaisPologne
100%
Leu roumainRoumanie
100%
Rouble russeRussie
100%
Roupie seychelloiseSeychelles
100%
Shilling somalienSomalie
100%
Livre soudanaiseSoudan
100%
Couronne suédoiseSuède
100%
Franc suisseSuisse
100%
Dollar du SurinameSuriname
100%
Shilling tanzanienTanzanie
100%
Dinar tunisienTunisie
100%
Samat turkmèneTurkménistan
100%
Livre turqueTurquie
100%
Peso uruguayenUruguay
100%
DongVietnam
100%
Dinar koweïtienKoweït
89%
Franc congolaisRépublique Démocratique du Congo
89%
Forint hongroisHongrie
88%
Dollar australienAustralie
86%
Dollar néo-zélandaisNouvelle-Zélande
86%
Riyal yéméniteYémen
86%
Franc CFAAfrique de l'Ouest et Centrale
83%
Lek albanaisAlbanie
83%
RéalBrésil
83%
Franc burundaisBurundi
83%
Dollar canadienCanada
83%
Livre égyptienneEgypte
83%
Dirham des Emirats Arabes UnisEmirats Arabes Unis
83%
Dollar guyanienGuyana
83%
Dinar libyenLibye
83%
Shilling ougandaisOuganda
83%
Dinar serbeSerbie
83%
Dollar de SingapourSingapour
83%
Dollar trinidadienTrinité-et-Tobago
83%
Franc rwandaisRwanda
80%
Roupie sri-lankaiseSri Lanka
80%
Livre syrienneSyrie
80%
Dinar de BahreïnBahreïn
75%
Yuan renminbiChine
75%
Franc comorienComores
75%
QuetzalGuatemala
75%
Roupie mauricienneMaurice
75%
Roupie népalaiseNépal
75%
Roupie pakistanaisePakistan
75%
Peso dominicainRépublique Dominicaine
75%
EuroUnion européenne
75%
Dollar du ZimbabweZimbabwe
75%
Riyal saoudienArabie Saoudite
71%
AfghaniAfghanistan
67%
Peso cubainCuba
67%
Franc de DjiboutiDjibouti
67%
Dollar américainEtats-Unis
67%
DenarMacédoine du Nord
67%
Kwacha malawienMalawi
67%
Peso philippinPhilippines
67%
Livre sterlingRoyaume-Uni
67%
Nouveau dollar de TaïwanTaïwan
67%
Couronne tchèqueTchéquie
67%
BahtThailande
67%
Kwacha de ZambieZambie
67%
RandAfrique du Sud
60%
Escudo du Cap-VertCap-Vert
60%
TugrikMongolie
60%
Cordoba oroNicaragua
60%
VatuVanuatu
60%
BirrEthiopie
57%
Riyad qatariQatar
57%
Dollar des BahamasBahamas
50%
Rouble biélorusseBiélorussie
50%
Shilling kényanKenya
50%
GuaraniParaguay
50%
Livre sud-soudanaiseSoudan du Sud
50%
HryvniaUkraine
50%
BolivarVenezuela
50%
TakaBangladesh
43%
LilangenieSwatini
43%
RufiyaaMaldives
43%
NairaNigeria
43%
TengeKazakhstan
40%
KipLaos
40%
BalboaPanama
40%
RielCambodge
33%
Dollar des Caraïbes orientalesCaraïbes
33%
NakfaErythrée
33%
LariGéorgie
33%
OuguiyaMauritanie
33%
KinaPapouasie-Nouvelle-Guinée
33%
Nuevo solPérou
33%
LeoneSierra Leone
33%
AriatyMadagascar
25%
MeticalMozambique
25%
Pa'angaTonga
25%
KwanzaAngola
20%
DobraSao Tomé et Principe
20%
SomoniTadjikistan
20%
KyatMyanmar
17%
SomKirghizistan
14%
DramArménie
0%
NgultrumBhoutan
0%
Mark convertibleBosnie-Herzégovine
0%
PulaBotswana
0%
DalasiGambie
0%
CediGhana
0%
LempiraHonduras
0%
Roupie indienneInde
0%
RupiahIndonésie
0%
LotiLesotho
0%
RinggitMalaisie
0%
SumOuzbekistan
0%
ShekelPalestine
0%
TalaSamoa
0%

Distribution des résultats

Percentile par nombre de réponses

% des personnes avec chaque résultat

Votre développement - résultats

Vous n’avez pas pris ce quiz